Quizzes
Events
Quiz Creation
Community
Videos
Private Events
Remove Ads
Sign In
Join for FREE
Feedback
Dark Mode
Quiz Categories
Sports
Geography
Music
Movies
Television
Just For Fun
Miscellaneous
History
Literature
Language
Science
Gaming
Entertainment
Religion
Holiday
For Kids
Quiz Lab
Recent
Popular Today
Quiz Kudos Today
Editor Picks
Curator Picks
Quizzes by...
Day
Popularity
Type
Ratings
Length
Year
Community
Subscriptions
Recent Discussions
Orange Saloon
Badges
Playlists
Quests
Create
Leaderboards
Showdown
Live 5
Trivia Bingo
Activity
Puzzle Library
Sporcle Events
Private Events
Virtual Trivia
Globe League
Become a Host
Pub Owners
SporcleCon
Opinionation
Our Games
Videos
Blog
Mobile Apps
Partnerships
Remove Ads and Go Orange
Feedback
Sports
Athletes
MLB
NBA
NHL
NFL
Soccer
Sports Teams
WWE
NCAA
Football
Premier League
Basketball
Baseball
Hockey
Golf
Tennis
Cricket
Rugby
Auto Racing
Olympics
World Cup
Sports
Athletes
MLB
NBA
NHL
NFL
Soccer
Sports Teams
WWE
NCAA
Football
Premier League
Basketball
Baseball
Hockey
Golf
Tennis
Cricket
Rugby
Auto Racing
Olympics
World Cup
Random Quiz
Search Sporcle
×
Quiz Lab
Quiz Lab
Sports
Nation
Type in answers that appear in a list
Type in answers that appear in a list
Classic
Best Score? Go Orange.
England's 32-man Elite Player Squad for the 2011 Six Nations Stats
Can you name the England's 32-man Elite Player Squad for the 2011 Six Nations?
By
Marshall88
10m
32 Questions
181 Plays
181 Plays
181 Plays
Comments
Comments
Give Quiz Kudos
Give Quiz Kudos
-
- Ratings
hide this ad
Replay
Link that replays current quiz
Next Quiz
Link to next quiz in quiz playlist
You Got
0%
They Got
Avg Score
74%
Avg Friend Score
Upgrade to see
Score Distribution
Jump to the score distribution portion of the page
Score
0/32
Timer
10:00
0
Plays Today
Club
Player Name
% Correct
Northampton
Dylan Hartley
93.9%
Leicester
Ben Youngs
93.4%
Leicester
Toby Flood
92.3%
Leicester
Dan Cole
90.6%
Northampton
Chris Ashton
90.6%
Northampton
Ben Foden
87.3%
Saracens
Owen Farrell
87.3%
Northampton
Courtney Lawes
85.6%
Harlequins
Chris Robshaw
85.1%
Harlequins
Mike Brown
80.7%
Saracens
Charlie Hodgson
80.7%
Harlequins
Joe Marler
77.3%
London Irish
Alex Corbisiero
76.8%
Stade Français
Tom Palmer
76.2%
Leicester
Tom Croft
76.2%
Northampton
Tom Wood
75.7%
Club
Player Name
% Correct
Leicester
Manu Tuilagi
75.1%
Wasps
Joe Simpson
75.1%
Saracens
Brad Barritt
74%
Northampton
Lee Dickson
72.9%
Scarlets
Ben Morgan
72.4%
Saracens
Matt Stevens
71.8%
Bath
Lee Mears
68.5%
Saracens
David Strettle
65.7%
Bath
Dave Wilson
65.2%
Gloucester
Charlie Sharples
63.5%
Saracens
Mouritz Botha
62.4%
Leicester
Louis Deacon
60.8%
Northampton
Phil Dowson
55.2%
Wasps
Rob Webber
53%
Harlequins
Jordan Turner-Hall
50.3%
Northampton
Calum Clark
41.4%
Quiz Playlist
Details
Report
Send in Message
Add To Playlist
Classic:
Type in answers that appear in a list
Last Updated: Feb 16, 2017
Quiz Scoreboard
CHALLENGE
Sign Up to Join the Scoreboard
Show All
Scores
Hide
Comments
May contain spoilers
Recently Published
One Thing in Common: World Cities II
by knightlancer
Geography
7m
Popular People in 1961
by mucciniale
History
6m
1-10 Letter E Words III
by El_Dandy
Language
2m
More to Explore
Quiz From the Vault
Featured Blog Post
Where Did the Easter Bunny Come From?
hide this ad
You Might Also Like...
Tags
Nation Quiz
2011
cap
club
elite
England
Player
point
Six
Squad
Today's Top Quizzes in Sports
Browse Sports
hide this ad
Today's Top Quizzes in Nation
Browse Nation
Top Contributed Quizzes in Sports
1
2022 World Cup Stars
2
Les entraîneurs de l'OM et du PSG au 21e siècle
3
FIFA Club World Cup Champions
4
Criteria MLB: Left Handed Sluggers
5
Les meilleurs buteurs des matchs entre le PSG et l’OM
6
Name the Premier League winners with different clubs
7
Players with Multiple 50 Home Run Seasons
8
MLB Players with Two .350 Batting Average Seasons
9
La finale Lions - Afrique du Sud 2021
10
MLB Hall of Famer by Rings
Explore More
Trending Topics
Disney
Harry Potter
Marvel
NBA
Crossword
Anime
Kpop
Country
Soccer
The Office
WWE
Pokémon
Song
Puzzle
NFL
hide this ad
More By:
Marshall88
Quiz
Plays
Rating
Category
Featured
Created
UFC Fighters of 2010
254
4.80
Sports
Feb 7, 2012
Michael Bisping's UFC Career
208
5.00
Sports
Feb 6, 2012
England's 32-man Elite Player Squad for the 2011 Six Nations
181
4.00
Sports
Jan 12, 2012
Go to Creator's Profile
Score Distribution
Quiz Creator Spotlight
Marshall88
Follow
Send a Message
Quizzes Created
-
Created Quiz Play Count
-
More By This Creator
Popular Quizzes Today
1
Find the US States - No Outlines Minefield
2
The Countries of the World
3
Popular People in 1961
4
Find the Countries of Europe - No Outlines Minefield
5
1-10 Letter E Words III
6
Find the US States
7
One Thing in Common: World Cities II
8
US States
More Sports Quizzes
Super Bowl Gatorade Showers
Published
Trending Quizzes
Country Music Stars Doing Things
Get the Picture: Carrie or Dolly
1-10 Letter F Words
1-10 Letter G Words
Risky Map Clicking: Next State Alphabetically
Recently Updated
Leaping Animals
pecheneg
Reality TV Shows (A-Z)
bhenderson79
Rickey Henderson's Hall of Fame Teammates
pecheneg
Champions League XIs: Arsenal
pecheneg
Quick Pick: Celebrities in WWE's Hall of Fame
aduchscher
A-Z Keypad Blitz II
pecheneg
Multiple Oscar Actors
pecheneg
Mystery Phrase Blitz: Oscar 'Best Actors'
pecheneg
F. Scott Fitzgerald Novels
LTH
Pick 3 Villains
ddd62291
Trending Topics
NBA
Harry Potter
Anime
Marvel
Kpop
Disney
Crossword
WWE
Song
The Office
Soccer
NFL
Country
Puzzle
Pokémon
Your Account Isn't Verified!
In order to create a playlist on Sporcle, you need to verify the email address you used during registration. Go to your
Sporcle Settings
to finish the process.
Report this User
Report this user for behavior that violates our
Community Guidelines
.
Details:
Send Report
Go to the Sporcle.com Mobile Site →
Comments